000
00248nam a22001097a 4500
008
161228b xxu||||| |||| 00| 0 eng d
020
_a
9789951437288
041
_a
alb
080
_a
339.138
245
_a
Marketingu
_c
Ramadani, Nehat
942
_2
udc
_c
BK
999
_c
2514
_d
2514